Statistics for HTML 5 Tag List

Click here to take the quiz!

General Stats

  • This quiz has been taken 982 times
  • The average score is 29 of 109

Answer Stats

tags% Correct
b
97%
a
93%
i
92%
s
91%
p
89%
u
85%
head
80%
body
77%
li
75%
html
73%
div
67%
h1
67%
h2
67%
h3
67%
h4
66%
h5
66%
h6
66%
img
64%
ul
64%
br
54%
ol
54%
script
52%
q
51%
table
49%
link
48%
tr
47%
hr
46%
style
46%
title
45%
footer
42%
header
41%
meta
39%
td
39%
button
37%
span
37%
input
35%
th
35%
form
32%
video
31%
strong
30%
em
27%
col
26%
nav
24%
section
23%
article
20%
iframe
19%
audio
18%
aside
17%
sub
17%
thead
17%
select
15%
tbody
15%
canvas
14%
label
14%
option
14%
textarea
13%
code
12%
dd
11%
dl
11%
source
11%
sup
10%
abbr
9%
blockquote
9%
dt
9%
pre
9%
tfoot
9%
area
8%
caption
8%
data
8%
figure
8%
small
8%
address
7%
del
7%
embed
7%
cite
6%
figcaption
6%
ins
6%
mark
6%
menu
6%
rt
6%
base
5%
fieldset
5%
map
5%
noscript
5%
output
5%
time
5%
var
5%
colgroup
4%
details
4%
kbd
4%
object
4%
ruby
4%
bdo
3%
datalist
3%
legend
3%
param
3%
summary
3%
bdi
2%
command
2%
dfn
2%
hgroup
2%
keygen
2%
meter
2%
optgroup
2%
progress
2%
rp
2%
samp
2%
wbr
2%
track
1%

Score Distribution

Percentile by Number Answered

Percent of People with Each Score

Your Score History

You have not taken this quiz